000 01537cam a2200349 i 4500
003 DO-SdBNP
005 20240625114404.0
007 ta
008 240625s1980 sp 000 0 spa d
020 _a8420617806
040 _aDO-SdBNP
_bspa
_cBNPHU
_erda
082 _a823.8
_bS847is
_222
100 1 _aStevenson, Robert Louis,
_b1850-1894
_91070
_eautor
240 1 _aTreasure island /
245 1 3 _aLa isla del tesoro /
_cRobert Louis Stevenson ; traducción Fernando Santos Fontenla
264 1 _aMadrid, España :
_bAlianza editorial,
_c1980.
264 3 _c1995
300 _a215 páginas
_c18 cm.
336 _2rdacontent
_atexto
_btxt
337 _2rdamedia
_asin mediación
_bn
338 _2rdacarrier
_avolumen
_bnc
490 _aClásicos
_v780
490 _aEl libro de bolsillo
500 _aLa biblioteca posee la décima reimpresión de 1995.
520 _aCuando el joven Jim Hawkins encuentra el mapa de una isla desierta en la que se ha escondido un tesoro, recurre a influyentes amigos para fletar la Hispaniola y emprender el viaje. Cuenta con su audacia, la experiencia del capitán Smollet y la inteligencia del doctor Livesey. Pero la tripulación está formada por una banda de filibusteros a las órdenes de John Silver, un verdadero pirata sanguinario que codicia el mismo tesoro.
590 _aInventariado, 2024/ YL
650 4 _aNovela inglesa
_91071
650 4 _aLiteratura inglesa
_9498
700 1 _aSantos Fontenla, Fernando
_etraducción
_985777
910 _aYLockward
942 _2ddc
_cLBS1
999 _c56976
_d56976